• 首页
  • 本馆介绍
  • 公告通知
  • 最新文献
  • 馆藏检索
  • 电子资源
  • 读者荐购
  • 参考咨询
  • CALIS
  • 我的图书馆
  • 登录
  • 详细信息显示
  • 放入我的书架
  • 预约/预借图书
  • 作者相关作品
  • 分类相关作品
  • 丛书相关作品
  • 出版社相关作品

书目信息

  • 表格格式
  • 工作单格式
  • 卡片格式
题名:
孟子解读
    
 
作者: 罗云锋 著
分册:  
出版信息: 上海   上海三联书店  2020.08
页数: 547页
开本: 24cm
丛书名:
单 册:
中图分类: B222.55
科图分类:
主题词: 先秦哲学
电子资源:
ISBN: 978-7-5426-7080-9
 
 
 
 
 
000 00753nam0 2200193 450
001 2434243046
005 20241106093413.48
010    @a978-7-5426-7080-9@dCNY98.00
100    @a20241106d2020 km y0chiy0120 ea
101 0  @achi
200 1  @a孟子解读@AMeng Zi Jie Du@f罗云锋著@FLuo Yun Feng Zhu
210    @a上海@c上海三联书店@d2020.08
215    @a547页@d24cm
300    @a本书稿主要是对于《孟子》的注释、疏通和补述。 在内容结构上分为三个部分 : 第一, 原文部分。 在《孟子》原文中进行疑难字词精简解释和注音。 第二, 解读部分。 分三个方面 : 重点字词的注释 ; 疏通解读 ; 启发性思考。 第三, 《孟子》补述本。
606 0  @a先秦哲学
690    @aB222.55@v4
701  0 @a罗云锋@ALuo Yun Feng@4著
801  0 @aCN@b河南城建学院图书馆@c20241106
905    @dB222.55@eL971
    
    孟子解读/罗云锋著.-上海:上海三联书店,2020.08
    547页;24cm
    本书稿主要是对于《孟子》的注释、疏通和补述。 在内容结构上分为三个部分 : 第一, 原文部分。 在《孟子》原文中进行疑难字词精简解释和注音。 第二, 解读部分。 分三个方面 : 重点字词的注释 ; 疏通解读 ; 启发性思考。 第三, 《孟子》补述本。
    
    ISBN 978-7-5426-7080-9:CNY98.00
    
●
相关链接 在E读中查询图书 在当当中查询图书 在豆瓣中查询图书


正题名:孟子解读     索取号:B222.55/L971         预约/预借

序号 登录号 条形码 馆藏地/架位号 状态 备注
1 1553932   215539326   社科库509/509社科库 11排4列2层/ [索取号:B222.55/L971] 在馆    
河南城建学院图书馆 欢迎您!
大连网信软件有限公司© 版权所有